Normal view
MARC view
- LEVANT, EZRA
Entry Personal Name
001 - CONTROL NUMBER
- control field: 89360
003 - CONTROL NUMBER IDENTIFIER
- control field: NUST
005 - DATE AND TIME OF LATEST TRANSACTION
- control field: 20220222152644.0
008 - FIXED-LENGTH DATA ELEMENTS
- fixed length control field: 220222|| aca||aabn | a|a d
040 ## - CATALOGING SOURCE
- Original cataloging agency: NUST
- Transcribing agency: NUST
100 ## - HEADING--PERSONAL NAME
- Personal name: LEVANT, EZRA
670 ## - SOURCE DATA FOUND
- Source citation: Work cat.: (NUST): LEVANT, EZRA., GROUNDSWELL /, 2014.
